LEADER 01298nam--2200397---450- 001 990000834220203316 005 20091127113555.0 010 $a88-13-19315-7 035 $a0083422 035 $aUSA010083422 035 $a(ALEPH)000083422USA01 035 $a0083422 100 $a20020103d1995----km-y0itay0103----ba 101 $aita 102 $aIT 105 $a||||||||001yy 200 1 $a<> opera intellettuale$eobbligazioni e responsabilità professionali$fGiuseppe Musolino 210 $aPadova$cCEDAM$d1995 215 $aXII, 398 p$d24 cm 225 2 $aUrbanistica, opere pubbliche, espropriazioni$v36 410 $12001$aUrbanistica, opere pubbliche, espropriazioni$v36 606 0 $aProfessioni liberali$xLegslazione 606 0 $aContratto di opera intellettuale 676 $a344.4501712 700 1$aMUSOLINO,$bGiuseppe$0235547 801 0$aIT$bsalbc$gISBD 912 $a990000834220203316 951 $aXXIV.3. Coll. 1/ 30 (COLL. HHE 36)$b8761 G$cXXIV.3. Coll. 1/ 30 (COLL. HHE)$d00247704 959 $aBK 969 $aGIU 979 $aPATTY$b90$c20020103$lUSA01$h1040 979 $c20020403$lUSA01$h1729 979 $aPATRY$b90$c20040406$lUSA01$h1657 979 $aRSIAV3$b90$c20091127$lUSA01$h1135 996 $aOpera intellettuale$9666510 997 $aUNISA LEADER 01111nam a2200265 i 4500 001 991000546459707536 005 20020509172057.0 008 000914s1992 it ||| | ita 020 $a8871195469$c40000 035 $ab11374615-39ule_inst 035 $aPARLA210669$9ExL 040 $aDip.to Scienze Storiche Fil. e Geogr.$bita 100 1 $aGennaro Lerda, Valeria$0283334 245 13$aIl suono delle nostre voci :$bil riformismo sociale delle donne nel sud degli Stati Uniti (1877-1920) /$cValeria Gennaro Lerda 260 $aRoma :$bBulzoni,$c1992 300 $a257 p. ;$c21 cm. 440 3$aIl Sud degli Stati Uniti nell'età delle riforme ;$v1 650 4$aRiformismo$zStati Uniti d'America$y1877-1920 650 4$aStati Uniti d'America$xCondizioni economiche e sociali$y1877-1920 907 $a.b11374615$b02-04-14$c01-07-02 912 $a991000546459707536 945 $aLE009 Stor.898-357$g1$i2009000020481$lle009$o-$pE0.00$q-$rl$s- $t0$u0$v0$w0$x0$y.i11557278$z01-07-02 996 $aSuono delle nostre voci$9816051 997 $aUNISALENTO 998 $ale009$b01-01-00$cm$da $e-$fita$git $h3$i1